[Event "Charlotte CCCSA Summer GM-A"]
[Site "Charlotte"]
[Date "2022.07.25"]
[Round "2"]
[White "Macieja, Bartlomiej"]
[Black "Ippolito, Dean"]
[Result "1-0"]
[WhiteElo "2518"]
[BlackElo "2361"]
[PlyCount "61"]
[EventDate "2022.07.24"]
[EventType "tourn"]
[EventRounds "9"]
[EventCountry "USA"]
[EventCategory "7"]
[SourceTitle "CBM 209 Extra"]
[Source "ChessBase"]
[SourceDate "2022.09.30"]
[SourceVersion "1"]
[SourceVersionDate "2022.09.30"]
[SourceQuality "1"]

1. c4 g6 2. e4 Bg7 3. d4 d6 4. Nf3 Nf6 5. Nc3 0-0 6. Be2 e5 7. Be3 Ng4 8. Bg5 f6 9. Bh4 Nc6 10. d5 Nd4 11. Nxd4 exd4 12. Qxd4 g5 13. Bg3 f5 14. Qd1 Nh6 15. exf5 Nxf5 16. 0-0 Bd7 17. Bd3 Qf6 18. Ne4 Qg6 19. Qd2 h6 20. c5 Rae8 21. cxd6 Nxg3 22. fxg3 Bf5 23. dxc7 Bxe4 24. Bxe4 Qxe4 25. d6 Bd4+ 26. Kh1 Qd5 27. Rxf8+ Rxf8 28. Qc2 Bxb2 29. Qxb2 Qxd6 30. Qb3+ Kg7 31. Qxb7 1-0

[Event "Charlotte CCCSA Spring GM-B"]
[Site "Charlotte"]
[Date "2022.05.08"]
[Round "9"]
[White "Ippolito, Dean"]
[Black "Lee, Alice"]
[Result "1/2-1/2"]
[WhiteElo "2375"]
[BlackElo "2344"]
[PlyCount "22"]
[EventDate "2022.05.04"]
[EventType "tourn"]
[EventRounds "9"]
[EventCountry "USA"]
[EventCategory "6"]
[SourceTitle "CBM 208 Extra"]
[Source "ChessBase"]
[SourceDate "2022.07.31"]
[SourceVersion "1"]
[SourceVersionDate "2022.07.31"]
[SourceQuality "1"]

1. d4 d5 2. c4 e6 3. Nf3 dxc4 4. e4 b5 5. a4 c6 6. b3 Bb4+ 7. Bd2 Bxd2+ 8. Qxd2 cxb3 9. axb5 cxb5 10. Bxb5+ Bd7 11. Bc4 Ne7 1/2-1/2

[Event "Charlotte CCCSA Spring GM-B"]
[Site "Charlotte"]
[Date "2022.05.06"]
[Round "4"]
[White "Proleiko, Julian"]
[Black "Ippolito, Dean"]
[Result "1-0"]
[WhiteElo "2204"]
[BlackElo "2375"]
[PlyCount "121"]
[EventDate "2022.05.04"]
[EventType "tourn"]
[EventRounds "9"]
[EventCountry "USA"]
[EventCategory "6"]
[SourceTitle "CBM 208 Extra"]
[Source "ChessBase"]
[SourceDate "2022.07.31"]
[SourceVersion "1"]
[SourceVersionDate "2022.07.31"]
[SourceQuality "1"]

1. d4 Nf6 2. c4 e6 3. Nf3 d5 4. g3 Be7 5. Bg2 0-0 6. 0-0 dxc4 7. Qc2 a6 8. a4 Bd7 9. Qxc4 Bc6 10. Bg5 Bd5 11. Qc2 Be4 12. Qc1 h6 13. Bxf6 Bxf6 14. Rd1 a5 15. Nbd2 Bxf3 16. Bxf3 c6 17. e3 Na6 18. h4 Nb4 19. Qc5 Be7 20. Qc4 Qc7 21. Rac1 Rfd8 22. Ne4 Bf8 23. Nc3 Qe7 24. Na2 Nxa2 25. Qxa2 Ra6 26. Kg2 Rb6 27. Rc5 Ra8 28. h5 Qf6 29. Rc4 Rd8 30. b3 Rd7 31. Be4 Qg5 32. Rh1 e5 33. dxe5 Qxe5 34. Qc2 Rb4 35. Bf3 Rxc4 36. bxc4 Bb4 37. Rd1 Rxd1 38. Bxd1 Qc5 39. Qe4 Qe7 40. Qf5 Qe6 41. Qd3 Qd6 42. Qxd6 Bxd6 43. Bg4 Kf8 44. Bc8 b5 45. cxb5 cxb5 46. axb5 a4 47. Bb7 a3 48. Bd5 f5 49. b6 Ke7 50. f4 Bb8 51. Kf3 Kd6 52. e4 Kc5 53. Ba2 Kxb6 54. exf5 Kc6 55. Ke4 Kd7 56. f6 gxf6 57. Kf5 Ke7 58. Kg6 Ba7 59. Kxh6 Bf2 60. f5 Bxg3 61. Kg7 1-0

[Event "Charlotte CCCSA Spring GM-B"]
[Site "Charlotte"]
[Date "2022.05.04"]
[Round "1"]
[White "Ippolito, Dean"]
[Black "Gauri, Shankar"]
[Result "1/2-1/2"]
[WhiteElo "2375"]
[BlackElo "2360"]
[PlyCount "58"]
[EventDate "2022.05.04"]
[EventType "tourn"]
[EventRounds "9"]
[EventCountry "USA"]
[EventCategory "6"]
[SourceTitle "CBM 208 Extra"]
[Source "ChessBase"]
[SourceDate "2022.07.31"]
[SourceVersion "1"]
[SourceVersionDate "2022.07.31"]
[SourceQuality "1"]

1. d4 Nf6 2. c4 g6 3. Nf3 Bg7 4. g3 c6 5. Nc3 d5 6. Qb3 0-0 7. Bg2 dxc4 8. Qxc4 Bf5 9. 0-0 Nbd7 10. Re1 Ne4 11. Qb3 Qa5 12. Bf4 Nb6 13. a4 Rad8 14. Red1 Nxc3 15. bxc3 Be4 16. Bh3 Bd5 17. Qb2 Bxf3 18. exf3 e5 19. Bg5 Rd5 20. Be7 exd4 21. cxd4 c5 22. Bxf8 Kxf8 23. Qb5 Qxb5 24. axb5 Bxd4 25. Rac1 a5 26. bxa6 bxa6 27. Bf1 a5 28. Rd2 a4 29. Rb1 Rd6 1/2-1/2

[Event "Charlotte Spring Classic"]
[Site "Charlotte"]
[Date "2021.03.28"]
[Round "4"]
[White "Ippolito, Dean"]
[Black "Liang, Jason"]
[Result "1-0"]
[WhiteElo "2369"]
[BlackElo "2342"]
[PlyCount "89"]
[EventDate "2021.03.26"]
[EventType "game"]
[EventRounds "5"]
[EventCountry "USA"]
[SourceTitle "CBM 201 Extra"]
[Source "ChessBase"]
[SourceDate "2021.05.31"]
[SourceVersion "1"]
[SourceVersionDate "2021.05.31"]
[SourceQuality "1"]

1. d4 d5 2. c4 c6 3. Nf3 Nf6 4. Qb3 dxc4 5. Qxc4 Bf5 6. Nc3 e6 7. g3 Be7 8. Bg2 0-0 9. 0-0 Nbd7 10. a4 Ne4 11. a5 Nxc3 12. bxc3 Be4 13. Ba3 Bxa3 14. Rxa3 Qe7 15. Raa1 c5 16. Qa4 Rfc8 17. Rfc1 Rc7 18. Ne1 Bxg2 19. Nxg2 Rac8 20. Rcb1 Nf6 21. Ne3 h5 22. Rb3 Ne4 23. Nd1 h4 24. Rb2 Qg5 25. dxc5 hxg3 26. Qxe4 gxh2+ 27. Kxh2 Rxc5 28. Ne3 Qh6+ 29. Kg1 Rg5+ 30. Ng2 Rh5 31. Nf4 Rh4 32. e3 e5 33. Qxb7 Rc6 34. Qa8+ Kh7 35. Rb8 Rh1+ 36. Kg2 Qg5+ 37. Kf3 e4+ 38. Ke2 Qg4+ 39. Kd2 Qd7+ 40. Kc2 Rxc3+ 41. Kxc3 Qc7+ 42. Kb3 g5 43. Rxh1+ Kg7 44. Rg8+ Kf6 45. Nd5+ 1-0

[Event "PNWCC WOW op"]
[Site "Chess.com INT"]
[Date "2020.12.28"]
[Round "9"]
[White "Ippolito, Dean"]
[Black "Narayanan, Samrug"]
[Result "1/2-1/2"]
[WhiteElo "2369"]
[BlackElo "2100"]
[PlyCount "48"]
[EventDate "2020.12.26"]
[EventType "swiss"]
[EventRounds "9"]
[EventCountry "USA"]
[SourceTitle "CBM 200 Extra"]
[Source "ChessBase"]
[SourceDate "2021.03.31"]
[SourceVersion "1"]
[SourceVersionDate "2021.03.31"]
[SourceQuality "1"]

1. Nf3 d5 2. g3 Nf6 3. Bg2 e6 4. 0-0 Nbd7 5. d4 Be7 6. c4 0-0 7. Qc2 c6 8. Nbd2 b6 9. e4 Ba6 10. e5 Ne8 11. Re1 Rc8 12. cxd5 cxd5 13. Qa4 Nb8 14. Nf1 Qd7 15. Qd1 Qb5 16. Ne3 Bb4 17. Bd2 Bxd2 18. Qxd2 Qa5 19. Qd1 Nc7 20. Nd2 Qb4 21. Nb3 Bc4 22. Nd2 Ba6 23. Nb3 Bc4 24. Nd2 Ba6 1/2-1/2

[Event "PNWCC WOW op"]
[Site "Chess.com INT"]
[Date "2020.12.27"]
[Round "6"]
[White "Ippolito, Dean"]
[Black "Tabatabaei, Mohammad Amin"]
[Result "0-1"]
[WhiteElo "2369"]
[BlackElo "2629"]
[PlyCount "80"]
[EventDate "2020.12.26"]
[EventType "swiss"]
[EventRounds "9"]
[EventCountry "USA"]
[SourceTitle "CBM 200 Extra"]
[Source "ChessBase"]
[SourceDate "2021.03.31"]
[SourceVersion "1"]
[SourceVersionDate "2021.03.31"]
[SourceQuality "1"]

1. d4 Nf6 2. c4 e6 3. g3 Bb4+ 4. Bd2 Qe7 5. Bg2 Nc6 6. e3 0-0 7. Ne2 Bxd2+ 8. Nxd2 d6 9. 0-0 e5 10. d5 Nb8 11. Qc2 a5 12. Nc3 Na6 13. h3 Bd7 14. Rae1 c6 15. e4 Rfc8 16. Qb1 Nc5 17. Re3 Rab8 18. Rd1 cxd5 19. exd5 b5 20. cxb5 Bxb5 21. Nxb5 Rxb5 22. Bf1 Rb4 23. Nc4 Rcb8 24. Nxa5 Rxb2 25. Qc1 Nfe4 26. Rf3 Qg5 27. Nc4 Qxc1 28. Rxc1 Nd2 29. Ra3 Nxc4 30. Bxc4 g5 31. Ra7 Rd2 32. Bb3 Kg7 33. Rc3 e4 34. f3 Rd3 35. Rxc5 dxc5 36. fxe4 c4 37. Bxc4 Rb1+ 38. Kf2 Rb2+ 39. Ke1 Rc3 40. Bb3 Rxg3 0-1